'Price Is Right'-style Trivia Quiz Stats

 Plays Quiz not verified by Sporcle

Challenge
Share
Tweet
Embed
Score 0/15 Timer 05:00
0 Plays Today
Hint Answer % Correct
????
97.7%
????
72.8%
????
67.3%
????
57.8%
????
55.2%
????
54.6%
????
53.7%
????
49.5%
Hint Answer % Correct
????
44.5%
????
42.5%
????
39.9%
????
35.2%
????
29.4%
????
28.5%
????
16.4%

You're not logged in!

Compare scores with friends on all Sporcle quizzes.
OR
Log In

You Might Also Like...

Show Comments

Extras

Created Sep 3, 2012ReportNominate
Tags:closest, price

Top Quizzes Today


Score Distribution

Your Account Isn't Verified!

In order to create a playlist on Sporcle, you need to verify the email address you used during registration. Go to your Sporcle Settings to finish the process.

Report this User

Report this user for behavior that violates our Community Guidelines.

Details: